000 00342nam a22001457a 4500
008 221007b ||||| |||| 00| 0 eng d
020 _a032300749X
041 _aeng
080 _2fifth edition
_a610.73
082 _a610.73 STA
100 _a9
101 _aINF
245 _aCOMMUNITY PUBLIC HEALTH NURSING
_cSTANHOPE M
942 _2udc
_cBK
999 _c58413
_d58413